Ľavicové vlády v Latinskej Amerike a ich vplyv na integráciu regiónu bakalárska práca

Na minha lista:
Detalhes bibliográficos
Autor principal: Kaščáková, Barbora
Autor Corporativo: Fakulta medzinárodných vzťahov EU. Katedra medzinárodných ekonomických vzťahov a hospodárskej diplomacie
Outros Autores: Fertaľová, Mária
Formato: Livro
Idioma:eslovaco
Publicado em: Bratislava 2010
Tags: Adicionar Tag
Sem tags, seja o primeiro a adicionar uma tag!

MARC

LEADER 00000nam$a2200000$$$4500
001 0136911
005 20240320074214.7
041 0 |a slo 
044 |a SK 
245 1 0 |a Ľavicové vlády v Latinskej Amerike a ich vplyv na integráciu regiónu  |b bakalárska práca  |c Barbora Kaščáková ; školiteľ: Mária Fertaľová 
264 1 |a Bratislava  |c 2010 
300 |a 36 s. 
100 1 |a Kaščáková, Barbora 
700 1 |a Fertaľová, Mária 
710 2 |a Fakulta medzinárodných vzťahov EU. Katedra medzinárodných ekonomických vzťahov a hospodárskej diplomacie